00292nam a2200121Ia 4500008004100000041000900041082002200050100002500072245002200097260003500119300000800154650000800162230718s9999 xx 000 0 und d aEng. a348.J49110bPAK-C aPakistan Law Journal 0aconstitutionalism aPakistanbPakistan foundc2006 a626 aLaw